[Event "Mecklenburg VP LL2 West 1617"]
[Site "Mecklenburg VP"]
[Date "2017.04.23"]
[Round "9.1"]
[White "Raessler, Arndt"]
[Black "Schumacher, Ole"]
[Result "1/2-1/2"]
[WhiteElo "1931"]
[BlackElo "1711"]
[PlyCount "69"]
[EventDate "2016.10.16"]
[EventType "team-tourn"]
[EventRounds "9"]
[EventCountry "GER"]
[SourceTitle "EXT 2022"]
[Source "ChessBase"]
[SourceDate "2021.10.06"]
[SourceVersion "1"]
[SourceVersionDate "2021.10.06"]
[SourceQuality "1"]
[WhiteTeam "Wismar ASV Gruen-Weiss II"]
[BlackTeam "Schwerin SF III"]
[WhiteTeamCountry "GER"]
[BlackTeamCountry "GER"]

1. d4 Nf6 2. Nf3 c5 3. d5 e6 4. c4 exd5 5. cxd5 d6 6. Nc3 g6 7. g3 Bg7 8. Bg2 0-0 9. 0-0 Re8 10. Qc2 Bf5 11. Qb3 Qc7 12. Nd2 Na6 13. e4 Bd7 14. a4 Nb4 15. Nc4 Nd3 16. f4 Rab8 17. Rd1 Nxc1 18. Raxc1 Nh5 19. Bf3 a6 20. Re1 b5 21. axb5 axb5 22. Nd2 c4 23. Qd1 Nf6 24. Ne2 Ng4 25. Bxg4 Bxg4 26. Qc2 Qb6+ 27. Kg2 Rbc8 28. h3 Bxe2 29. Rxe2 c3 30. bxc3 Rxc3 31. Qb1 Re3 32. Rf2 Bc3 33. Nc4 Qc5 34. Nxe3 Qxe3 35. Rxc3 1/2-1/2

[Event "Mecklenburg VP-ch Youth"]
[Site "Malchow"]
[Date "2017.02.16"]
[Round "6.2"]
[White "Schulz, Daniel"]
[Black "Schumacher, Ole"]
[Result "0-1"]
[WhiteElo "1819"]
[BlackElo "1711"]
[PlyCount "60"]
[EventDate "2017.02.08"]
[EventType "swiss"]
[EventRounds "7"]
[EventCountry "GER"]
[SourceTitle "EXT 2022"]
[Source "ChessBase"]
[SourceDate "2021.10.06"]
[SourceVersion "1"]
[SourceVersionDate "2021.10.06"]
[SourceQuality "1"]

1. e4 e6 2. d4 d5 3. Nd2 Nf6 4. e5 Nfd7 5. Bd3 c5 6. c3 Nc6 7. Ne2 f6 8. exf6 Nxf6 9. Nf3 Bd6 10. 0-0 0-0 11. Bg5 Qc7 12. Ng3 Bd7 13. Qb1 h6 14. Bxf6 Rxf6 15. Nh5 Rxf3 16. gxf3 cxd4 17. Bh7+ Kh8 18. cxd4 Nxd4 19. Qd3 Nc6 20. Rac1 Qd8 21. f4 Qf8 22. Bg6 Bxf4 23. Nxf4 Qxf4 24. Qg3 Qf6 25. Rfe1 Rf8 26. Bb1 Nd4 27. Re3 Bb5 28. Rc7 Bc6 29. Bd3 e5 30. Qxe5 Qxe5 0-1

[Event "Mecklenburg VP LL2 West 1617"]
[Site "Mecklenburg VP"]
[Date "2016.10.16"]
[Round "1.1"]
[White "Pamperin, Gerhard"]
[Black "Schumacher, Ole"]
[Result "1-0"]
[WhiteElo "1837"]
[BlackElo "1758"]
[PlyCount "67"]
[EventDate "2016.10.16"]
[EventType "team-tourn"]
[EventRounds "9"]
[EventCountry "GER"]
[SourceTitle "EXT 2022"]
[Source "ChessBase"]
[SourceDate "2021.10.06"]
[SourceVersion "1"]
[SourceVersionDate "2021.10.06"]
[SourceQuality "1"]
[WhiteTeam "Schwerin SF IV"]
[BlackTeam "Schwerin SF III"]
[WhiteTeamCountry "GER"]
[BlackTeamCountry "GER"]

1. d4 Nf6 2. Nf3 c5 3. d5 e6 4. c4 exd5 5. cxd5 d6 6. Nc3 g6 7. Bg5 Bg7 8. g3 0-0 9. Bg2 Re8 10. Qd2 Qa5 11. 0-0 b5 12. a3 Bb7 13. Rfe1 Nbd7 14. e4 Ng4 15. Bf4 Nge5 16. Nxe5 Nxe5 17. Qc2 Nc4 18. Rac1 a6 19. Red1 Bxc3 20. bxc3 Qxa3 21. Bxd6 Nxd6 22. Ra1 Qxa1 23. Rxa1 Rec8 24. f4 f6 25. Bh3 Rd8 26. Be6+ Kg7 27. e5 fxe5 28. fxe5 Nc4 29. Qf2 Nxe5 30. Qxc5 Nf3+ 31. Kf2 Rf8 32. Ke2 Ng5 33. Qc7+ Kf6 34. Rf1+ 1-0

[Event "Mecklenburg VP U16"]
[Site "Malchow"]
[Date "2016.02.02"]
[Round "7.3"]
[White "Schulz, Daniel1"]
[Black "Schumacher, Ole"]
[Result "1-0"]
[WhiteElo "1819"]
[BlackElo "1666"]
[PlyCount "45"]
[EventDate "2016.02.02"]
[EventType "swiss"]
[EventRounds "7"]
[EventCountry "GER"]
[SourceTitle "EXT 2024"]
[Source "ChessBase"]
[SourceDate "2023.10.10"]
[SourceVersion "1"]
[SourceVersionDate "2023.10.10"]
[SourceQuality "1"]

1. e4 c5 2. c3 Nf6 3. e5 Nd5 4. d4 cxd4 5. cxd4 Nc6 6. Nf3 g6 7. Nc3 Nxc3 8. bxc3 Bg7 9. Bd3 0-0 10. Bd2 d6 11. exd6 Qxd6 12. h3 e5 13. Be3 exd4 14. Bb5 d3 15. 0-0 Bxc3 16. Rc1 Bb2 17. Bc5 Qd8 18. Rb1 Qd5 19. Bxf8 Qxb5 20. Ba3 Qa5 21. Bxb2 Qxa2 22. Qd2 Ne7 23. Qc3 1-0

[Event "GER-ch U14"]
[Site "Willingen"]
[Date "2015.05.26"]
[Round "5"]
[White "Silber, Kevin"]
[Black "Schumacher, Ole"]
[Result "1/2-1/2"]
[WhiteElo "1786"]
[BlackElo "1414"]
[PlyCount "75"]
[EventDate "2015.05.24"]
[EventType "swiss"]
[EventRounds "9"]
[EventCountry "GER"]
[SourceTitle "CBM 166 Extra"]
[Source "ChessBase"]
[SourceDate "2015.06.18"]
[SourceVersion "1"]
[SourceVersionDate "2015.06.18"]
[SourceQuality "1"]

1. e4 c5 2. Nf3 d6 3. d4 cxd4 4. Nxd4 Nf6 5. Nc3 a6 6. Be3 e5 7. Nb3 Be6 8. Be2 Be7 9. f3 Nbd7 10. Qd2 b5 11. 0-0 0-0 12. Rac1 Nb6 13. Rfd1 b4 14. Nb1 a5 15. Qe1 Na4 16. c3 Nxb2 17. Rd2 bxc3 18. Nxc3 Nc4 19. Bxc4 Bxc4 20. Na4 Bxb3 21. axb3 Rb8 22. Rd3 d5 23. exd5 Bb4 24. Qg3 Qe7 25. Rcd1 Rfd8 26. Bg5 Rbc8 27. Qh4 Rd6 28. Bxf6 Qxf6 29. Qxf6 gxf6 30. Nb2 Bc5+ 31. Kf1 Bd4 32. Nc4 Ra6 33. Ne3 Bxe3 34. Rxe3 Rd6 35. Red3 Rc2 36. R1d2 Rc1+ 37. Kf2 Kf8 38. Ra2 1/2-1/2

[Event "GER-ch U14"]
[Site "Willingen"]
[Date "2015.05.25"]
[Round "3"]
[White "Schumacher, Ole"]
[Black "Weber, Samuel"]
[Result "1/2-1/2"]
[WhiteElo "1414"]
[BlackElo "1856"]
[PlyCount "128"]
[EventDate "2015.05.24"]
[EventType "swiss"]
[EventRounds "9"]
[EventCountry "GER"]
[SourceTitle "CBM 166 Extra"]
[Source "ChessBase"]
[SourceDate "2015.06.18"]
[SourceVersion "1"]
[SourceVersionDate "2015.06.18"]
[SourceQuality "1"]

1. e4 d5 2. exd5 Qxd5 3. Nc3 Qd6 4. d4 Nf6 5. Nf3 c6 6. Bc4 Bg4 7. h3 Bh5 8. g4 Bg6 9. Ne5 Nbd7 10. f4 e6 11. Be3 Qb4 12. Bb3 Be4 13. a3 Qa5 14. Nc4 Qc7 15. Nxe4 Nxe4 16. Qf3 Nef6 17. Ne5 Be7 18. 0-0-0 Rf8 19. Rhe1 0-0-0 20. g5 Nd5 21. Bxd5 cxd5 22. Rd3 Kb8 23. Bd2 Nxe5 24. fxe5 Qc4 25. Qe3 Rc8 26. Rc3 Qa2 27. Rxc8+ Rxc8 28. Bc3 b5 29. Kd2 a5 30. Qd3 Bxg5+ 31. Ke2 Qc4 32. Rg1 Bh6 33. Rf1 b4 34. Bd2 Qxd3+ 35. Kxd3 Bxd2 36. Kxd2 Rc7 37. axb4 axb4 38. Rf3 Ka7 39. h4 Kb8 40. h5 Kc8 41. h6 g6 42. Rb3 Rb7 43. Kd3 Kc7 44. Ke2 Kc6 45. Rf3 Kb5 46. b3 Rc7 47. Kd2 Kb6 48. Rf2 Kb7 49. Rf3 Kc8 50. Rf2 Kd8 51. Rf6 Ke7 52. Rf3 Rc8 53. Kd1 Rc3 54. Rxc3 bxc3 55. Ke2 f5 56. Kd3 f4 57. Kxc3 g5 58. Kd3 f3 59. Ke3 g4 60. Kf2 Kd7 61. b4 Kc6 62. c3 Kb5 63. Kg3 Kc4 64. Kf2 Kb5 1/2-1/2

[Event "Mecklenburg VP LL2 West 1415"]
[Site "Mecklenburg VP"]
[Date "2015.01.18"]
[Round "5.8"]
[White "Schumacher, Ole"]
[Black "Moritz, Egon"]
[Result "0-1"]
[WhiteElo "1311"]
[BlackElo "1349"]
[PlyCount "54"]
[EventDate "2014.09.21"]
[EventType "team-tourn"]
[EventRounds "9"]
[EventCountry "GER"]
[SourceTitle "EXT 2022"]
[Source "ChessBase"]
[SourceDate "2021.10.06"]
[SourceVersion "1"]
[SourceVersionDate "2021.10.06"]
[SourceQuality "1"]
[WhiteTeam "Schwerin SF IV"]
[BlackTeam "Mecklenburger Springer SC"]
[WhiteTeamCountry "GER"]
[BlackTeamCountry "GER"]

1. e4 d5 2. exd5 Qxd5 3. Nc3 Qa5 4. d4 c6 5. Bd3 Nf6 6. Bf4 Bg4 7. f3 Bh5 8. Nge2 e6 9. 0-0 Be7 10. Ng3 0-0 11. Nge4 Nbd7 12. Qe1 Rfe8 13. Qg3 Bg6 14. Kh1 Nh5 15. Qg4 f5 16. Qh3 Nxf4 17. Qg3 Nxd3 18. Nd6 f4 19. Nxb7 Qc7 20. Qg4 Bf5 21. Qh5 Qxb7 22. cxd3 Qxb2 23. Rfc1 Qf2 24. Ne4 Qxd4 25. Rab1 Ne5 26. Rb7 Nf7 27. h3 g6 0-1

[Event "GER-chT North U14"]
[Site "Magdeburg"]
[Date "2014.09.12"]
[Round "4.2"]
[White "Amler, Nick"]
[Black "Schumacher, Ole"]
[Result "1/2-1/2"]
[WhiteElo "1683"]
[BlackElo "1349"]
[PlyCount "97"]
[EventDate "2014.09.11"]
[EventType "team-swiss"]
[EventRounds "7"]
[EventCountry "GER"]
[SourceTitle "EXT 2016"]
[Source "ChessBase"]
[SourceDate "2015.10.08"]
[SourceVersion "1"]
[SourceVersionDate "2015.10.08"]
[SourceQuality "1"]
[WhiteTeam "Delmenhorst"]
[BlackTeam "Schwerin"]
[WhiteTeamCountry "GER"]
[BlackTeamCountry "GER"]

1. e4 c5 2. Nf3 d6 3. d4 cxd4 4. Nxd4 Nf6 5. Nc3 a6 6. Be3 e5 7. Nf3 Be7 8. Be2 Nbd7 9. 0-0 0-0 10. Qd2 b5 11. Rfd1 Bb7 12. a3 Nxe4 13. Nxe4 Bxe4 14. Bg5 Bxg5 15. Qxg5 Qxg5 16. Nxg5 Bxc2 17. Rxd6 Nf6 18. Rc1 Ne4 19. Nxe4 Bxe4 20. f3 Bb7 21. Rc7 Rab8 22. Rb6 Bd5 23. Rxa6 f6 24. Rd6 Rf7 25. Rxf7 Bxf7 26. b4 Kf8 27. Rc6 Be8 28. Rc7 Ra8 29. Rc3 Ra7 30. Kf2 Kf7 31. Ke3 Ke6 32. Bd3 g6 33. Bc2 Bd7 34. Bb3+ Ke7 35. Ba2 Be6 36. Bb1 Kd6 37. g4 Bd7 38. Rd3+ Ke7 39. Kd2 Be6 40. Kc1 Bc4 41. Rc3 Ke6 42. Be4 f5 43. gxf5+ gxf5 44. Bc2 Rg7 45. a4 Rg1+ 46. Kb2 Rg2 47. h3 Rh2 48. axb5 Bxb5 49. f4 1/2-1/2

[Event "GER-chT North U14"]
[Site "Magdeburg"]
[Date "2013.09.15"]
[Round "7.4"]
[White "Tiedemann, Fin Niklas"]
[Black "Schumacher, Ole"]
[Result "1-0"]
[WhiteElo "1567"]
[BlackElo "1266"]
[PlyCount "69"]
[EventDate "2013.09.12"]
[EventType "team-swiss"]
[EventRounds "7"]
[EventCountry "GER"]
[SourceTitle "EXT 2014"]
[Source "ChessBase"]
[SourceDate "2013.11.20"]
[SourceVersion "1"]
[SourceVersionDate "2013.11.20"]
[SourceQuality "1"]
[WhiteTeam "Luebeck"]
[BlackTeam "Schwerin"]
[WhiteTeamCountry "GER"]
[BlackTeamCountry "GER"]

1. e4 e6 2. d4 d5 3. Nd2 Nf6 4. e5 Nfd7 5. Bd3 c5 6. c3 Nc6 7. Ngf3 f6 8. exf6 Nxf6 9. 0-0 cxd4 10. cxd4 Bd6 11. Re1 0-0 12. Nb3 Qc7 13. h3 Bd7 14. Bd2 Nh5 15. Ne5 Nf4 16. Bxf4 Rxf4 17. Qh5 h6 18. g3 Rf6 19. Ng4 Rf3 20. Nxh6+ gxh6 21. Qxf3 Rf8 22. Qg4+ Kf7 23. Bg6+ Ke7 24. Qh4+ Rf6 25. Qxh6 Be8 26. Qg7+ Bf7 27. Bxf7 Rxf7 28. Qg5+ Rf6 29. Re2 Kf7 30. Qh5+ Rg6 31. Rxe6 Ne7 32. Rxg6 Nxg6 33. Qxd5+ Kg7 34. Nc5 Bxc5 35. Qxc5 1-0

[Event "GER-chT North U14"]
[Site "Magdeburg"]
[Date "2013.09.13"]
[Round "3.4"]
[White "Schlegel, Henrike"]
[Black "Schumacher, Ole"]
[Result "0-1"]
[WhiteElo "1088"]
[BlackElo "1266"]
[PlyCount "49"]
[EventDate "2013.09.12"]
[EventType "team-swiss"]
[EventRounds "7"]
[EventCountry "GER"]
[SourceTitle "EXT 2014"]
[Source "ChessBase"]
[SourceDate "2013.11.20"]
[SourceVersion "1"]
[SourceVersionDate "2013.11.20"]
[SourceQuality "1"]
[WhiteTeam "Stendal"]
[BlackTeam "Schwerin"]
[WhiteTeamCountry "GER"]
[BlackTeamCountry "GER"]

1. e4 e6 2. d4 d5 3. exd5 exd5 4. Bd3 Nf6 5. Qe2+ Qe7 6. Qxe7+ Bxe7 7. Bg5 h6 8. Bxf6 Bxf6 9. Nf3 0-0 10. 0-0 Nc6 11. c3 Re8 12. Bb5 Bd7 13. Nbd2 a6 14. Bxc6 Bxc6 15. Rae1 Bb5 16. Rxe8+ Rxe8 17. Rd1 Re2 18. Re1 Kf8 19. b3 Rxe1+ 20. Nxe1 Bg5 21. Ndf3 Bc1 22. a4 Bd7 23. Ne5 Ke7 24. N1d3 Bd2 25. c4 0-1